000 00390nam a2200145Ia 4500
008 150201s1993 xx 000 0 und d
082 _a617.601
_bD1993G
100 _aGRUNDY
245 _aDENTAL CARE FOR THE MEDICAL COMPROMISED PATIENT
250 _a1ST
260 _bWOLFE PUBLICATION
_aLONDON
_c1993
300 _a1-128
650 _aPREVENTIVE AND COMMUNITY DENTISTRY
942 _2ddc
_cBK
999 _c4165
_d4165